000 00318nam a22001337a 4500
999 _c13405
_d13405
020 _a9781260092523
082 _a519.5
100 _aDoane, David P.
245 _aApplied Statistics in Business and Economics
250 _aSixth
260 _aNew York
_bMcGraw Hill Education
_c2019
300 _a840 p.
942 _cBK